The noble scholar, jurist, historian


 His Excellency Dr. Abdul Wahhab bin Ibrahim Abu Sulaiman, may Allah have mercy on him.


 He was born in Umm Al-Qura in the year 1356 AH.

سلوة الأنفاس ومحادثة الأكياس بمن أقبر من العلماء والصلحاء بفاس / (Record no. 5332)

MARC details
000 -LEADER
fixed length control field 01690cam a22003371i 4500
003 - CONTROL NUMBER IDENTIFIER
control field SA-RiAUC
005 - DATE AND TIME OF LATEST TRANSACTION
control field 20250128122622.0
008 - FIXED-LENGTH DATA ELEMENTS--GENERAL INFORMATION
fixed length control field 250125s2008 mr g 001 0cara c
040 ## - CATALOGING SOURCE
Original cataloging agency SA-JeALM
Language of cataloging ara
Transcribing agency SA-RiAUC.
Description conventions rda
043 ## - GEOGRAPHIC AREA CODE
Geographic area code f-mr---
050 #4 - LIBRARY OF CONGRESS CALL NUMBER
Item number K386 2004
082 04 - DEWEY DECIMAL CLASSIFICATION NUMBER
Classification number 920.06433
Assigning agency SA-RiAUC
090 ## - LOCALLY ASSIGNED LC-TYPE CALL NUMBER (OCLC); LOCAL CALL NUMBER (RLIN)
Classification number (OCLC) (R) ; Classification number, CALL (RLIN) (NR) 920.06433
Local cutter number (OCLC) ; Book number/undivided call number, CALL (RLIN) ك ت ا
100 1# - MAIN ENTRY--PERSONAL NAME
Personal name الكتاني، محمد بن جعفر بن إدريس،
Dates associated with a name 1274-1345 هجري
Relator term مؤلف.
245 10 - TITLE STATEMENT
Title سلوة الأنفاس ومحادثة الأكياس بمن أقبر من العلماء والصلحاء بفاس /
Statement of responsibility, etc. تأليف أبو عبد الله محمد بن جعفر بن إدريس الكتاني ؛ تحقيق حمزة بن محمد الكتاني، محمد حمزة بن علي الكتاني ؛ إعداد أحمد محمد السعيدي، جعفر بن الحجاج السلمي.
250 ## - EDITION STATEMENT
Edition statement الطبعة الأولى.
264 #1 - PRODUCTION, PUBLICATION, DISTRIBUTION, MANUFACTURE, AND COPYRIGHT NOTICE
Place of production, publication, distribution, manufacture الدار البضاء - المغرب :
Name of producer, publisher, distributor, manufacturer دار الثقافة،
Date of production, publication, distribution, manufacture, or copyright notice 2006
300 ## - PHYSICAL DESCRIPTION
Extent 4 مجلد ؛
Dimensions 24 سم
336 ## - CONTENT TYPE
Content type term نص
Content type code txt
Source rdacontent
Materials specified كتاب
337 ## - MEDIA TYPE
Media type term بدون وسيط
Media type code n
Source rdamedia
338 ## - CARRIER TYPE
Carrier type term مجلد
Carrier type code nc
Source rdacarrier
500 ## - GENERAL NOTE
General note يشتمل على كشافات.
650 #7 - SUBJECT ADDED ENTRY--TOPICAL TERM
Topical term or geographic name entry element العلماء المغاربة
Geographic subdivision فاس
Form subdivision تراجم
Source of heading or term aucsh
651 #7 - SUBJECT ADDED ENTRY--GEOGRAPHIC NAME
Geographic name فاس (المغرب)
Form subdivision تراجم
Source of heading or term aucsh
700 1# - ADDED ENTRY--PERSONAL NAME
Personal name الكتاني، حمزة،
Dates associated with a name 1942-
Relator term محقق.
700 1# - ADDED ENTRY--PERSONAL NAME
Personal name الكتاني، محمد حمزة بن علي
Relator term محقق.
700 1# - ADDED ENTRY--PERSONAL NAME
Personal name السعيدي، أحمد محمد
Relator term معد.
700 1# - ADDED ENTRY--PERSONAL NAME
Personal name بن الحاج السلمي، جعفر،
Dates associated with a name 1962-
Relator term معد.
942 ## - ADDED ENTRY ELEMENTS (KOHA)
Source of classification or shelving scheme Dewey Decimal Classification
Koha item type Books
Suppress in OPAC No
949 ## - LOCAL PROCESSING INFORMATION (OCLC)
a SA-JeALM
d 250125
u osman123
n 1
Holdings
Withdrawn status Lost status Source of classification or shelving scheme Materials specified (bound volume or other part) Damaged status Not for loan Home library Current library Date acquired Total checkouts Full call number Barcode Date last seen Price effective from Koha item type
    Dewey Decimal Classification الجزء الرابع (الفهارس)     DR AbdElwahab Library DR AbdElwahab Library 01/28/2025   920.06433 ك ت ا 000008657 01/28/2025 01/28/2025 Books